Detalles MARC
| 000 -CABECERA |
| campo de control de longitud fija |
01838nam a2200289 a 4500 |
| 001 - NÚMERO DE CONTROL |
| campo de control |
000004282 |
| 003 - IDENTIFICADOR DEL NÚMERO DE CONTROL |
| campo de control |
DO-SdBNP |
| 005 - FECHA Y HORA DE LA ÚLTIMA TRANSACCIÓN |
| campo de control |
20260310114848.0 |
| 008 - DATOS DE LONGITUD FIJA--INFORMACIÓN GENERAL |
| campo de control de longitud fija |
090721s 1985 dr a 001 0 spa d |
| 040 ## - FUENTE DE LA CATALOGACIÓN |
| Centro catalogador/agencia de origen |
DO-SdBNP |
| Lengua de catalogación |
spa |
| Centro/agencia transcriptor |
BNPHU |
| Centro/agencia modificador |
rda |
| 082 #4 - NÚMERO DE LA CLASIFICACIÓN DECIMAL DEWEY |
| Número de clasificación |
362.829207293 |
| Número de documento/Ítem |
R466p 2012 |
| Número de edición |
22 |
| 100 1# - ENTRADA PRINCIPAL--NOMBRE DE PERSONA |
| Nombre de persona |
Reynoso, José, |
| Fechas asociadas al nombre |
1942- |
| 245 10 - MENCIÓN DE TÍTULO |
| Título |
Por qué no los celos / |
| Mención de responsabilidad, etc. |
José Reynoso ; prólogo Cándido Gerón. |
| 260 ## - PUBLICACIÓN, DISTRIBUCIÓN, ETC. |
| Lugar de publicación, distribución, etc. |
Santo Domingo : |
| Nombre del editor, distribuidor, etc. |
Alfa & Omega, |
| Fecha de publicación, distribución, etc. |
1985. |
| 300 ## - DESCRIPCIÓN FÍSICA |
| Extensión |
61 p. : |
| Otras características físicas |
il. ; |
| Dimensiones |
21 cm. |
| 336 ## - TIPO DE CONTENIDO |
| Término de tipo de contenido |
texto |
| Código de tipo de contenido |
txt |
| Fuente |
rdacontent |
| 337 ## - TIPO DE MEDIO |
| Nombre/término del tipo de medio |
sin mediación |
| Código del tipo de medio |
n |
| Fuente |
rdamedia |
| 338 ## - TIPO DE SOPORTE |
| Nombre/término del tipo de soporte |
volumen |
| Código del tipo de soporte |
nc |
| Fuente |
rdacarrier |
| 500 ## - NOTA GENERAL |
| Nota general |
Incluye índice |
| 505 0# - NOTA DE CONTENIDO CON FORMATO |
| Nota de contenido con formato |
Primera parte -- Agradecimientos 9 -- Plegaria y Cita bíblica 11 – Prólogo 13 -- Preámbulo 17 – Introducción 19 -- Primer Motivo: Controles Innecesarios 23 -- Segundo Motivo: Programación 27 -- Tercer Motivo: Inferioridad e Inseguridad 29 -- Cuarto Motivo: Confianza 31 -- Quinto Motivo Bienestar Psicosomático 33 – Conclusión 41 -- Testimonio 1 y 2 Segunda 45 – Segunda parte -- Notas, estadísticas y anexos 47 Radiografía de los sucesos sobre Feminicidios y Violencia intrafamiliar en la República Dominicana (1980-2012) 49 -- Estadísticas, casos y opiniones de los Feminicidios y la Violencia de Género en Hispanoamérica 55 -- Los feminicidios en América Latina Feminicidios y violencia intrafamiliar causados por los celos 61 -- Informe sobre los feminicidios en la República Dominicana 65 -- Anexos 75 – Epílogo 128 |
| 650 #7 - PUNTO DE ACCESO ADICIONAL DE MATERIA--TÉRMINO DE MATERIA |
| Término de materia o nombre geográfico como elemento de entrada |
Violencia familiar |
| Subdivisión general |
Aspectos sociales |
| Subdivisión geográfica |
República Dominicana |
| 650 #7 - PUNTO DE ACCESO ADICIONAL DE MATERIA--TÉRMINO DE MATERIA |
| Término de materia o nombre geográfico como elemento de entrada |
Celos |
| Subdivisión general |
Aspectos psicológicos |
| 650 #7 - PUNTO DE ACCESO ADICIONAL DE MATERIA--TÉRMINO DE MATERIA |
| Término de materia o nombre geográfico como elemento de entrada |
Violencia contra la mujer |
| Subdivisión geográfica |
República Dominicana |
| Subdivisión general |
Estadísticas. |
| 700 1# - PUNTO DE ACCESO ADICIONAL--NOMBRE DE PERSONA |
| Nombre de persona |
Gerón, Candido, |
| Fechas asociadas al nombre |
1948- |
| Término indicativo de función/relación |
prólogo |
| 910 ## - DATOS DE OPCIÓN DEL USUARIO (OCLC) |
| Datos de opción del usuario |
VMateo V. Control de calidad. BPMSU |
| 942 ## - ELEMENTOS DE PUNTO DE ACCESO ADICIONAL (KOHA) |
| Fuente del sistema de clasificación o colocación |
Dewey Decimal Classification |
| Tipo de ítem Koha |
Libros |